000 00703nam a22002052 4500
001 0000013270
005 20151217155855.0
008 090723s xx 000 0 eng d
020 _a0934519013 :
040 _aKABU
_cKABU
245 1 0 _aLand, trees and tenure :
_bproceedings of an international workshop on tenure issues in agroforestry. Nairobi, May 27-31, 1985 /
_cedited by John B. Raintree.
250 _a1st ed.
260 _aNairobi :
_bICRAFT,
_c1987.
300 _aix, 412 p.
650 0 _aAgroforestry
_xCongresses.
_@0000170426
700 1 _aRaintree, John B.
_@0000170427
852 1 _9p980 KES
908 _a090723
950 _@1
999 _c13601
_d13601